000 00367nam a2200097Ia 4500
082 _a684.16 ULTI
245 0 _aUltimate guide to cabinets, shelves, and home storage solutions : 36 storage projects plus ideas for organizing your home
100 _a HUGHES, Herb Upper Saddle River,, [c.2009]
_970327
942 _cBK
008 210817s9999 xx 000 0 und d
999 _c227861
_d227860